| 000 | 00610cam a2200217 a 4500 | ||
|---|---|---|---|
| 001 | 000007772 | ||
| 005 | 20200929154308.0 | ||
| 008 | 900328s1983 sp 000 f spa d | ||
| 020 | _a8439802641 | ||
| 040 |
_aDO-SdBNP _cDLC _dBNPHU |
||
| 043 | _ae-sp | ||
| 082 |
_a863.64 _bF677p |
||
| 100 | 1 |
_aFont Surroca, Carlos, _921471 |
|
| 245 | 1 | 0 |
_aPrincesa Inés : _b1952-1981 / _cCarlos Font Surroca. |
| 260 |
_aBarcelona : _bManuel Pareja, _c1983. |
||
| 300 |
_a408 p. ; _c20 cm. |
||
| 650 | 4 |
_aNovela española _91123 |
|
| 650 | 4 |
_aLiteratura española _9632 |
|
| 910 | _aCatalogación derivada | ||
| 049 | _aBNGR | ||
| 999 |
_c7550 _d7550 |
||